[Event "ch-CHN 2012"]
[Site "Xinghua CHN"]
[Date "2012.04.07"]
[Round "11"]
[White "Zhao, Jun"]
[Black "Lu, Shanglei"]
[Result "1-0"]
[WhiteTitle "GM"]
[BlackTitle "GM"]
[WhiteElo "2583"]
[BlackElo "2514"]
[WhiteFideId "8602522"]
[BlackFideId "8603332"]
[EventDate "2012.03.27"]

1. c4 g6 2. g3 Bg7 3. Bg2 f5 4. d4 d6 5. Nc3 c6 6. e4 Nf6 7. exf5 Bxf5 8. Nge2
Na6 9. O-O O-O 10. h3 e5 11. d5 h5 12. Bg5 c5 13. f3 Nb4 14. g4 Bd3 15. a3 Bxc4
16. axb4 cxb4 17. Bxf6 Qb6+ 18. Kh1 bxc3 19. Bxg7 Kxg7 20. gxh5 Qxb2 21. Re1
Rac8 22. Rc1 Rf5 23. Nxc3 Bb3 24. Rb1 Bxd1 25. Rxb2 Bxf3 26. Rxb7+ Kh6 27. Re3
Bxg2+ 28. Kxg2 gxh5 29. Rxa7 e4 30. Nxe4 Rc2+ 31. Kg3 Rxd5 32. Ra6 h4+ 33. Kxh4
Rc4 34. Kg3 Rcd4 35. Nf2 Kg5 36. Ra8 Kf6 37. Rf8+ Kg7 38. Ref3 Rg5+ 39. Ng4 Rd3
40. Rxd3 Kxf8 41. Rxd6 Rh5 42. Rd7 Ra5 43. h4 Rh5 44. Ra7 Rb5 45. Ne3 Rb4 46. h5
Kg8 47. Ng4 Kh8 48. Kh4 Rb5 49. Re7 Rf5 50. Rb7 Ra5 51. Re7 Rf5 52. Re5 Rf7 53.
Kg5 Rg7+ 54. Kf4 1-0

[Event "ch-CHN 2012"]
[Site "Xinghua CHN"]
[Date "2012.04.07"]
[Round "11"]
[White "Yu, Yangyi"]
[Black "Zhou, Jianchao"]
[Result "0-1"]
[WhiteTitle "GM"]
[BlackTitle "GM"]
[WhiteElo "2615"]
[BlackElo "2625"]
[WhiteFideId "8603820"]
[BlackFideId "8603537"]
[EventDate "2012.03.27"]

1. e4 c5 2. Nf3 Nc6 3. Bb5 e6 4. O-O Nge7 5. b3 a6 6. Bxc6 Nxc6 7. Bb2 b5 8. Re1
Bb7 9. c4 f6 10. Na3 b4 11. Nc2 e5 12. Nh4 g6 13. f4 exf4 14. a3 bxa3 15. Bxa3
Qb6 16. Rb1 Be7 17. d3 O-O 18. Qd2 Bd6 19. Kh1 a5 20. Rf1 Nb4 21. Bc1 Be5 22.
Nf3 Qd6 23. Rd1 Qe7 24. Na3 a4 25. Qe1 Bc6 26. d4 cxd4 27. Nxd4 axb3 28. Nxc6
dxc6 29. Rxb3 Na2 30. Nc2 Qc5 31. Rb7 Rab8 32. Ba3 Qxc4 33. Bxf8 Rxb7 34. Na3
Qc3 35. Qf2 Kxf8 36. Qxa2 Ra7 37. Qe6 Qxa3 38. h4 Kg7 39. Rd8 Qa1+ 40. Kh2 f3+ 0-1

[Event "ch-CHN 2012"]
[Site "Xinghua CHN"]
[Date "2012.04.07"]
[Round "11"]
[White "Bu, Xiangzhi"]
[Black "Liu, Qingnan"]
[Result "1/2-1/2"]
[WhiteTitle "GM"]
[BlackTitle "IM"]
[WhiteElo "2668"]
[BlackElo "2461"]
[WhiteFideId "8601445"]
[BlackFideId "8603294"]
[EventDate "2012.03.27"]

1. d4 g6 2. g3 Bg7 3. Bg2 f5 4. Nf3 Nf6 5. O-O O-O 6. b3 Ne4 7. Bb2 c5 8. c4 Nc6
9. e3 e6 10. Qe2 b6 11. Rd1 Bb7 12. Nc3 cxd4 13. Nxd4 Nxd4 14. exd4 Qf6 15. Nxe4
fxe4 16. Rf1 Qf5 17. a4 d5 18. f3 Qh5 19. g4 Qg5 20. fxe4 dxe4 21. Bc3 Bh6 22.
Kh1 Rxf1+ 23. Rxf1 Rf8 24. Rxf8+ Bxf8 25. Bxe4 Qc1+ 26. Kg2 Bxe4+ 27. Qxe4 Qxc3
28. Qxe6+ Kg7 29. Qe5+ Kf7 30. Qd5+ Ke7 31. Qe4+ Kf7 32. Qd5+ Kg7 33. Qe5+ Kf7 1/2-1/2

[Event "ch-CHN 2012"]
[Site "Xinghua CHN"]
[Date "2012.04.07"]
[Round "11"]
[White "Hou, Yifan"]
[Black "Li, Shilong"]
[Result "1/2-1/2"]
[WhiteTitle "GM"]
[BlackTitle "GM"]
[WhiteElo "2639"]
[BlackElo "2549"]
[WhiteFideId "8602980"]
[BlackFideId "8600678"]
[EventDate "2012.03.27"]

1. e4 e5 2. Nf3 Nc6 3. Bb5 a6 4. Ba4 Nf6 5. O-O Be7 6. Re1 b5 7. Bb3 d6 8. c3
O-O 9. h3 Nb8 10. d4 Nbd7 11. Nbd2 Bb7 12. Bc2 Re8 13. Nf1 Bf8 14. Ng3 g6 15. a4
Bg7 16. Bd3 c6 17. Be3 Qe7 18. Qd2 Qf8 19. b4 Rec8 20. Rec1 Qd8 21. Qe2 Qe7 22.
Ra2 Rc7 23. axb5 axb5 24. Rxa8+ Bxa8 25. Ra1 Bb7 26. Ra7 Ne8 27. Qa2 h6 28. Nd2
Nb6 29. dxe5 Na4 30. c4 Qxe5 31. cxb5 cxb5 32. Nf3 Qe7 33. Nd4 Nc3 34. Qb3 Nxe4
35. Nxb5 Nxg3 36. Nxc7 Qxc7 37. fxg3 d5 38. Ba6 Qxg3 39. Rxb7 Nd6 40. Re7 d4 41.
Kh1 Qe1+ 42. Kh2 dxe3 43. Qxe3 Qxb4 44. Bd3 h5 45. Rd7 Qc3 46. Rd8+ Kh7 47. Rxd6
Qe5+ 48. Qxe5 1/2-1/2